| Tag |
First Indicator |
Second Indicator |
Subfields |
| LEADER |
00000cam a22000001i 4500 |
| 001 |
in00002784639 |
| 005 |
20151202171851.0 |
| 008 |
780407s1961 dcuabd b f000 0 eng |
| 010 |
|
|
|a gs 61000195
|
| 035 |
|
|
|a (OCoLC)ocm03787765
|
| 035 |
|
|
|a (OCoLC)3787765
|
| 040 |
|
|
|a DLC
|c CSU
|d DLC
|d BTCTA
|d UtOrBLW
|
| 043 |
|
|
|a n-us-mt
|
| 049 |
|
|
|a TXAM
|
| 050 |
0 |
0 |
|a QE75
|b .P9 no. 358
|
| 086 |
0 |
|
|a I 19.16:358
|
| 100 |
1 |
|
|a Jackson, Everett D.
|q (Everett Dale),
|d 1925-1978.
|
| 245 |
1 |
0 |
|a Primary textures and mineral associations in the Ultramafic zone of the Stillwater complex, Montana.
|
| 264 |
|
1 |
|a Washington :
|b U.S. Govt. Print. Off,
|c 1961.
|
| 300 |
|
|
|a v, 106 pages :
|b illustrations, map, diagrams, tables. ;
|c 29 cm.
|
| 336 |
|
|
|a text
|b txt
|2 rdacontent
|
| 337 |
|
|
|a unmediated
|b n
|2 rdamedia
|
| 338 |
|
|
|a volume
|b nc
|2 rdacarrier
|
| 490 |
1 |
|
|a Geological Survey (U.S.). Professional paper ;
|v 358
|
| 500 |
|
|
|a "The petrographic features and origin of the layered chromitites, bronzitites, and harzburgites in the lower part of the Stillwater complex."
|
| 504 |
|
|
|a Bibliography : pages 100-102.
|
| 650 |
|
0 |
|a Petrology
|z Montana.
|
| 650 |
|
0 |
|a Mineralogy
|z Montana.
|
| 650 |
|
0 |
|a Igneous rocks.
|
| 740 |
0 |
|
|a Stillwater complex, Montana.
|
| 830 |
|
0 |
|a Professional paper (Geological Survey (U.S.)) ;
|v 358.
|
| 948 |
|
|
|a cataloged
|b h
|c 2012/12/14
|d c
|e mvaldespin
|f 10:18:17 am
|
| 994 |
|
|
|a C0
|b TXA
|
| 999 |
|
|
|a MARS
|
| 999 |
f |
f |
|s 5d524876-cde1-3b32-91fd-254a0a354684
|i af6f8cf6-81ba-3cc4-9855-73719699e2ef
|t 0
|
| 952 |
f |
f |
|p normal
|a Texas A&M University
|b College Station
|c Sterling C. Evans Library
|d Evans: US Documents (Annex 5th floor)
|t 0
|e I 19.16:357-359
|h Superintendent of Documents classification
|i unmediated -- volume
|m A14837790073
|
| 998 |
f |
f |
|a I 19.16:357-359
|t 0
|l Evans: US Documents (Annex 5th floor)
|